=LDR 00000nam 2200000 4500 =001 INLIS000000000032406 =005 20130612134420 =008 ***********************************ind** =035 ##$$a0010-061300000032406 =041 ##$$a ind =082 ##$$a 658.84 =090 ##$$a 658.84, Kar m =100 ##$$a Kartajaya, Hermawan =245 ##$$a Marketing Klasik Indonesia , Hermawan Kartajaya =260 ##$$a 2007 $b Bandung =300 ##$$a 362 hlm. , Illus. , 23 cm =650 ##$$a Pemasaran-Menejemen =850 ##$$a NBPNMAT =990 ##$$a 90844/BPAP-NTB/2014 =990 ##$$a 0001/BPAP-NTB/20142014 =990 ##$$a 21002278 =990 ##$$a 0001/BPAP-NTB/20142014